Music Acts born in the 2000s - Statistics

General Stats
  • This quiz has been taken 13 times
  • The average score is 9 of 16
Answer Stats
Birth Year Songs Music Act % Correct
2001 "Bad Guy","Birds Of a Feather" Billie Eilish
92%
2003 "Good 4 U","Vampire" Olivia Rodrigo
92%
2002 "Beautiful Things","Mystical Magical" Benson Boone
75%
2000 "Carry You Home","Ordinary" Alex Warren
58%
2001 "Messy","One Thing" Lola Young
58%
2001 "Boy's A Liar","Stateside" PinkPantheress
58%
2002 "Water","Chanel" Tyla
58%
2000 "Diet Pepsi","Fame Is A Gun" Addison Rae
50%
2002-2007 "Touch","Gabriela" Katseye
50%
2000 "Gucci Gang","I Love It" Lil Pump
50%
2005 "Back To Friends","12 to 12" Sombr
50%
2000 "Boy's A Liar","Deli" Ice Spice
42%
2003 "Greedy","You Broke Me First" Tate McRae
42%
2003 "Stay", "Nights Like This" The Kid Laroi
42%
2003 "Boomerang", "Karma" JoJo Siwa
33%
2004-2008 "Super Shy","OMG" NewJeans / NJZ
33%
No matching quizzes found
Score Distribution
Percent of People with Each Score
Percentile by Number Answered
Your Score History
You have not taken this quiz